[Event "AUTO-OPEN-3409"]
[Site "http://www.queenalice.com/game.php?id=1331427"]
[Date "2014.12.29"]
[Round "1"]
[White "DORLISS"]
[Black "DiegoVaron"]
[Result "1-0"]
[WhiteElo "1783"]
[BlackElo "1122"]

1. e4 e5 2. Nf3 d6 3. Bc4 a6 4. O-O h5 5. d4 f6 6. dxe5 fxe5 7. Ng5 Bg4 8. f3 b5
9. Bf7+ Ke7 10. fxg4 h4 11. Bxg8 Rxg8 12. Qd5 Nd7 13. Qe6# 1-0

[Event "AUTO-OPEN-3409"]
[Site "http://www.queenalice.com/game.php?id=1331428"]
[Date "2014.12.29"]
[Round "1"]
[White "DiegoVaron"]
[Black "DORLISS"]
[Result "1-0"]
[WhiteElo "1185"]
[BlackElo "1654"]

1. e4 e5 2. d3 Nc6 3. g3 Bc5 4. c3 d5 5. Bg2 Nf6 6. Be3 Bxe3 7. fxe3 O-O 8. h4
dxe4 9. Ne2 exd3 10. Ng1 Bg4 11. Bf3 Qd7 12. a4 e4 13. h5 exf3 14. Kf2 Ne4+ 15.
Kf1 Nxg3+ 16. Kf2 Nxh1+ 17. Kf1 f2 18. Nd2 Bxd1 19. Rxd1 fxg1=Q+ 20. Kxg1 Qh3
21. e4 f5 22. e5 Nxe5 23. Rf1 Ng3 24. Kf2 1-0

[Event "AUTO-OPEN-3413"]
[Site "http://www.queenalice.com/game.php?id=1332926"]
[Date "2015.1.5"]
[Round "1"]
[White "DiegoVaron"]
[Black "Redtom"]
[Result "0-1"]
[WhiteElo "1147"]
[BlackElo "2064"]

1. e4 d5 2. f3 dxe4 3. fxe4 e5 4. g3 Nf6 5. Bg2 Nc6 6. c3 Bc5 7. a3 Bg4 8. Qb3
Bb6 9. d3 Qxd3 10. Nd2 Bxg1 11. Nf1 Qe2# 0-1

[Event "AUTO-OPEN-3413"]
[Site "http://www.queenalice.com/game.php?id=1332927"]
[Date "2015.1.5"]
[Round "1"]
[White "Redtom"]
[Black "DiegoVaron"]
[Result "1-0"]
[WhiteElo "2077"]
[BlackElo "1143"]

1. e4 e5 2. Nc3 Bb4 3. f4 exf4 4. Nf3 f6 5. d4 g5 6. Bc4 c6 7. O-O a6 8. e5 b5
9. Bd3 Nh6 10. exf6 O-O 11. Bxh7+ Kxh7 12. Qd3+ Kh8 13. Nxg5 Qxf6 14. Qh7# 1-0

[Event "AUTO-OPEN-3413"]
[Site "http://www.queenalice.com/game.php?id=1332928"]
[Date "2015.1.5"]
[Round "1"]
[White "DiegoVaron"]
[Black "Diemerlin"]
[Result "0-1"]
[WhiteElo "1118"]
[BlackElo "1719"]

1. e4 d5 2. f3 e5 3. g3 Nf6 4. Nc3 d4 5. Bb5+ c6 6. Bc4 dxc3 7. bxc3 Qa5 8. g4
Bc5 9. g5 Nh5 10. d4 Qxc3+ 11. Bd2 Qxd4 12. Bb3 Qf2# 0-1

[Event "AUTO-OPEN-3413"]
[Site "http://www.queenalice.com/game.php?id=1332930"]
[Date "2015.1.5"]
[Round "1"]
[White "DiegoVaron"]
[Black "Alcar"]
[Result "0-1"]
[WhiteElo "1215"]
[BlackElo "1706"]

1. e4 c5 2. c3 e5 3. Bc4 Nf6 4. Qb3 d5 5. exd5 Bd6 6. Bb5+ Bd7 7. h4 O-O 8. f3
Bxb5 9. Qxb5 Qc7 10. Qc4 a6 11. a3 b5 12. Qe2 c4 13. d3 Nxd5 14. Qe4 Nc6 15.
Qxd5 Ne7 16. a4 Nxd5 17. Ne2 cxd3 18. Ng3 Rfe8 19. Nf5 g6 20. Nh6+ Kg7 21. Ng4
e4 22. Bh6+ Kg8 23. h5 Bf4 24. hxg6 exf3+ 25. Kf2 Bxh6 26. Nxh6+ Kg7 27. Nf5+
Kxg6 28. Nh4+ Kg7 29. Nd2 Re2+ 30. Kf1 Ne3+ 31. Kg1 Rxd2 32. Rh2 f2+ 33. Kh1
f1=Q+ 34. Rxf1 Nxf1 35. Kg1 Qxh2+ 36. Kxf1 Qh1# 0-1

[Event "AUTO-OPEN-3413"]
[Site "http://www.queenalice.com/game.php?id=1332931"]
[Date "2015.1.5"]
[Round "1"]
[White "Alcar"]
[Black "DiegoVaron"]
[Result "0-1"]
[WhiteElo "1704"]
[BlackElo "1213"]

1. d4 d5 2. c4 e6 3. Nc3 c6 4. Nf3 h6 5. g3 dxc4 6. Bg2 Qf6 7. O-O g5 8. Ne5 h5
9. h4 gxh4 10. Ne4 Qe7 11. Bg5 Qb4 12. Rb1 Bh6 13. Bxh4 Nd7 14. a3 Qb3 15. Qxb3
cxb3 16. Nxd7 Bxd7 17. Nd6+ Kf8 18. Nxb7 Bc8 19. Nc5 f6 20. Bxc6 Rb8 21. Bd7 Bb7
22. Bxe6 Ne7 23. Nd7+ Kg7 24. Bxf6+ Kh7 25. Nxb8 Rxb8 26. Bxe7 Be4 27. Rbd1 Re8
28. Bxb3 Rxe7 29. e3 Rb7 30. Bc4 Rxb2 31. a4 Rb4 32. Bb5 Kg7 33. Rc1 a6 34. Rc7+
Kh8 35. Rfc1 axb5 36. axb5 Rxb5 37. Rc8+ Kh7 38. R1c7+ Kg6 39. Rg8+ Kf6 40. Re8
Bd5 41. Re5 Rb1+ 42. Kh2 Rh1# 0-1

[Event "AUTO-BEG-621"]
[Site "http://www.queenalice.com/game.php?id=1333062"]
[Date "2015.1.5"]
[Round "1"]
[White "ChessColossos"]
[Black "DiegoVaron"]
[Result "0-1"]
[WhiteElo "1164"]
[BlackElo "1154"]

1. e4 e5 2. f4 h5 3. f5 Nc6 4. Nc3 Nd4 5. Nf3 d6 6. d3 g6 7. fxg6 fxg6 8. Bg5
Qd7 9. Nd5 Qc6 10. c3 Nxf3+ 0-1

[Event "AUTO-BEG-621"]
[Site "http://www.queenalice.com/game.php?id=1333063"]
[Date "2015.1.5"]
[Round "1"]
[White "DiegoVaron"]
[Black "ChessColossos"]
[Result "1-0"]
[WhiteElo "1170"]
[BlackElo "1148"]

1. e4 e5 2. d3 d5 3. a3 dxe4 4. b4 Nf6 5. Nc3 exd3 6. cxd3 Nc6 7. b5 Nd4 8. h4
h5 9. Nf3 Nxf3+ 10. Qxf3 Qd4 11. Bb2 1-0

[Event "AUTO-BEG-621"]
[Site "http://www.queenalice.com/game.php?id=1333080"]
[Date "2015.1.5"]
[Round "1"]
[White "Cajucarol"]
[Black "DiegoVaron"]
[Result "1-0"]
[WhiteElo "1069"]
[BlackElo "1139"]

1. d4 d5 2. Be3 Bf5 3. Nd2 c6 4. Ngf3 Qb6 5. g3 Qxb2 6. Bg2 Bxc2 7. Qc1 Qc3 8.
O-O Nd7 9. Ne1 e6 10. Nxc2 Ndf6 11. Rb1 h5 12. Rxb7 h4 13. gxh4 Bd6 14. Rb3 Qa5
15. a3 Rxh4 16. h3 e5 17. Bg5 exd4 18. Bxh4 Nh5 19. Bf3 Nf4 20. Nxd4 c5 21. Nf5
Nh6 22. Nxg7+ Kf8 23. Qa1 Qxd2 24. Nf5 Nxf5 25. Qh8# 1-0

[Event "AUTO-BEG-621"]
[Site "http://www.queenalice.com/game.php?id=1333081"]
[Date "2015.1.5"]
[Round "1"]
[White "DiegoVaron"]
[Black "Cajucarol"]
[Result "0-1"]
[WhiteElo "1120"]
[BlackElo "1088"]

1. e4 e5 2. Bc4 Nf6 3. Qf3 g6 4. g4 Qe7 5. Nh3 d5 6. exd5 Bxg4 7. Qd3 e4 8. Qd4
Bxh3 9. Qc3 c6 10. Qb3 cxd5 11. Qb5+ Nc6 12. Bb3 Bg7 13. Nc3 O-O 14. Nxd5 Nxd5
15. Bxd5 Bg2 16. Rg1 Qg5 17. d3 Qg4 18. Qa4 Qh3 19. dxe4 Qxh2 20. Bxc6 Qxg1+ 21.
Ke2 bxc6 22. Qxc6 Rad8 23. Ke3 Bh6+ 0-1

[Event "Challenge"]
[Site "http://www.queenalice.com/game.php?id=1342340"]
[Date "2015.2.17"]
[Round "-"]
[White "SirShawn"]
[Black "DiegoVaron"]
[Result "1-0"]
[WhiteElo "1219"]
[BlackElo "1243"]

1. e4 e5 2. d4 Bd6 3. h4 a6 4. a3 Nf6 5. Nc3 c6 6. Bg5 h6 7. Bxf6 Qxf6 8. Nf3 b5
9. g3 O-O 10. d5 b4 11. Na4 bxa3 12. bxa3 Bc7 13. Nc5 d6 14. Bh3 dxc5 15. Bxc8
Ba5+ 16. Kf1 Rxc8 17. Qe2 Bc3 18. Re1 Qd6 19. Qc4 Bb2 20. dxc6 Nxc6 21. a4 Na5
22. Qa2 Rab8 23. Qb1 Nc4 24. Rd1 Bd4 25. Qc1 Rb2 26. c3 Rcb8 27. Rxd4 Rb1 28.
Rxd6 Rxc1+ 29. Kg2 Rxc3 30. Rxa6 Kh7 31. Ra7 f6 32. Rd1 Rb2 33. Rdd7 Ne3+ 34.
Kh3 Rb8 35. fxe3 Rxe3 36. Rxg7+ Kh8 37. a5 Rxf3 38. a6 c4 39. Rac7 Rg8 40. Rxg8+
Kxg8 41. a7 Ra3 42. Rc8+ Kf7 43. a8=Q Rxa8 44. Rxa8 Ke7 45. Rc8 Kd6 46. Rxc4 h5
47. Rc8 Ke6 48. Rh8 f5 49. exf5+ Kxf5 50. Rxh5+ Ke6 51. g4 Kd5 52. g5 Kd4 53. g6
e4 54. g7 e3 55. g8=Q Kd3 56. Re5 e2 57. Qe8 1-0

[Event "Challenge"]
[Site "http://www.queenalice.com/game.php?id=1363263"]
[Date "2015.6.3"]
[Round "-"]
[White "EdBrazil"]
[Black "DiegoVaron"]
[Result "1-0"]
[WhiteElo "1215"]
[BlackElo "1230"]

1. e4 e6 2. Nf3 b6 3. Ne5 Bb7 4. Qf3 f6 5. Qh5+ g6 6. Nxg6 Bc5 7. Nxh8+ Ke7 8.
Qxh7+ Kd6 9. Nf7+ Kc6 10. Nxd8+ Kd6 11. Nxb7+ Kc6 12. Nd8+ Kd6 13. Qxg8 Nc6 14.
Qg3+ e5 15. Nf7+ Ke7 16. Bc4 Nd4 17. Kd1 a6 18. Bd5 c6 19. Bc4 b5 20. c3 Ne6 21.
Bxe6 dxe6 22. Nh6 Rd8 23. Qg7+ Kd6 24. Nf7+ Kd7 25. Nxd8+ Kxd8 26. Qxf6+ Be7 27.
Qxe6 1-0

[Event "Challenge"]
[Site "http://www.queenalice.com/game.php?id=1363920"]
[Date "2015.6.6"]
[Round "-"]
[White "Nimzou"]
[Black "DiegoVaron"]
[Result "1-0"]
[WhiteElo "1336"]
[BlackElo "1230"]

1. g3 c6 2. d4 b5 3. Nd2 Qa5 4. Nf3 Nf6 5. Bg2 d5 6. O-O Bf5 7. c3 Na6 8. b4 Qb6
9. Ba3 e6 10. h3 Ne4 11. Qc2 Bd6 12. Nxe4 dxe4 13. Ng5 e3 14. Qd1 1-0

[Event "Challenge"]
[Site "http://www.queenalice.com/game.php?id=1370470"]
[Date "2015.7.8"]
[Round "-"]
[White "DiegoVaron"]
[Black "EdBrazil"]
[Result "0-1"]
[WhiteElo "1218"]
[BlackElo "1327"]

1. e3 e5 2. h4 Nf6 3. g4 Ne4 4. Qf3 d5 5. Bb5+ c6 6. Ba4 b5 7. d3 Nc5 8. b3 Qa5+
9. Bd2 b4 10. a3 Nca6 11. e4 d4 12. Nh3 Be7 13. Bg5 f6 14. Bd2 Bd7 15. g5 Qc5
16. Qh5+ g6 17. Qf3 Qxc2 18. gxf6 Rf8 19. Ng5 Rxf6 20. Qg3 Be6 21. Qxe5 Bg4 22.
O-O Nd7 23. Qxd4 Be2 24. e5 Bxf1 25. exf6 Bxf6 26. Qe4+ Ne5 27. Nxh7 Bxd3 28.
Bxc6+ Qxc6 29. Qf4 Nf3+ 30. Kg2 Nxh4+ 31. Kh3 Qg2# 0-1

[Event "OS INCLIVEIS"]
[Site "http://www.queenalice.com/game.php?id=1375154"]
[Date "2015.8.2"]
[Round "-"]
[White "adelio"]
[Black "DiegoVaron"]
[Result "1-0"]
[WhiteElo "1821"]
[BlackElo "1204"]

1. d4 d6 2. c4 Bd7 3. e4 e5 4. d5 c6 5. Nc3 h5 6. Be2 f5 7. Bxh5+ Ke7 8. Bg5+
Nf6 9. h4 Bc8 10. Bg6 Qb6 11. Qc2 Qd4 12. exf5 Qxc4 13. dxc6 Nxc6 14. Rd1 Nb4
15. Nd5+ Nxd5 16. Qxc4 Kd7 17. Bxf6 gxf6 18. Rxd5 a6 19. Rh3 b5 20. Qc5 Bb7 21.
Rc3 Rc8 22. Qa7 Rc7 23. Rxc7+ Kxc7 24. g3 Be7 25. Ne2 Ra8 26. Qxa8 Bxa8 27. Rd2
d5 28. Rc2+ Bc6 29. f4 Bb4+ 30. Kf1 d4 31. Rc1 Kb6 32. fxe5 fxe5 33. Rd1 Be4 34.
Nxd4 Bc5 35. Ne6 Bc2 36. Rd5 Bb4 37. a3 Be7 38. b4 e4 39. Kf2 Bf6 40. Ke3 Bb1
41. Rd6+ Kb7 42. Nc5+ Ka7 43. Rxf6 Bc2 44. Nxe4 1-0

[Event "OS INCLIVEIS"]
[Site "http://www.queenalice.com/game.php?id=1375155"]
[Date "2015.8.2"]
[Round "-"]
[White "DiegoVaron"]
[Black "adelio"]
[Result "0-1"]
[WhiteElo "1206"]
[BlackElo "1828"]

1. d4 d5 2. Bf4 c5 3. dxc5 Nc6 4. c3 e5 5. Be3 Be7 6. a3 h5 7. b4 h4 8. a4 g5 9.
a5 Nh6 10. g3 Ng4 11. Bd2 Nxf2 12. Kxf2 e4 13. b5 Ne5 14. h3 Bxc5+ 15. e3 hxg3+
16. Kg2 Qf6 17. Qe2 Bd6 18. b6 a6 19. Bc1 Nf3 20. Nxf3 exf3+ 21. Qxf3 Qxf3+ 22.
Kxf3 g4+ 23. Ke2 gxh3 24. Ba3 Be5 25. Rg1 Bg4+ 26. Kd2 Rc8 27. Bb4 h2 28. Rh1
Bf3 29. Be2 Bxh1 30. Bg4 Rc4 31. Na3 Rxg4 32. Rxh1 g2 0-1